I made him an offer he couldn't refuse (Record no. 82815)

MARC details
000 -LEADER
fixed length control field 00806cab a22001935a 4500
001 - CONTROL NUMBER
control field L151518
008 - FIXED-LENGTH DATA ELEMENTS--GENERAL INFORMATION
fixed length control field 101115e20101112xxk f 000 0 eng d
035 ## - SYSTEM CONTROL NUMBER
System control number (Sirsi) u151518
041 0# - LANGUAGE CODE
Language code of text/sound track or separate title eng
100 1# - MAIN ENTRY--PERSONAL NAME
Personal name Gardiner, Joey
245 02 - TITLE STATEMENT
Title I made him an offer he couldn't refuse
Remainder of title contractors are making their subbies an offer they can't refuse
260 ## - PUBLICATION, DISTRIBUTION, ETC.
Date of publication, distribution, etc. 2010
490 ## - SERIES STATEMENT
Series statement Building
Volume/sequential designation 275 (8654) 12 November 2010, 20-22(3)
520 ## - SUMMARY, ETC.
Summary, etc. Subcontractors are being asked to reduce costs and even make upfront payments or risk being removed from main contractors' supplier lists; industry views from the main contractor, the specialist contractor, the lawyer and the quantity surveyor.
590 ## - LOCAL NOTE (RLIN)
Local note KA
651 #4 - SUBJECT ADDED ENTRY--GEOGRAPHIC NAME
Geographic name United Kingdom
Chronological subdivision
690 ## - LOCAL SUBJECT ADDED ENTRY--TOPICAL TERM (OCLC, RLIN)
Topical term or geographic name as entry element BUILT ENVIRONMENT-BUILDING CONTRACT FORMS
942 ## - ADDED ENTRY ELEMENTS (KOHA)
Suppress in OPAC 0
Holdings
Withdrawn status Lost status Source of classification or shelving scheme Damaged status Not for loan Home library Current library Shelving location Date acquired Total Checkouts Full call number Barcode Date last seen Copy number Price effective from Koha item type
    Dewey Decimal Classification     London London Journal article 15/11/2010   L151518 151518-1001 06/08/2019 1 06/08/2019 Journal article